សិក្សាអត្ថបទ អក្សរសិល្ប៏ខ្មែរ : (Record no. 6559)

MARC details
000 -LEADER
fixed length control field 02590nam a22002537a 4500
001 - CONTROL NUMBER
control field 6559
003 - CONTROL NUMBER IDENTIFIER
control field FISKH
005 - DATE AND TIME OF LATEST TRANSACTION
control field 20250512093015.0
008 - FIXED-LENGTH DATA ELEMENTS--GENERAL INFORMATION
fixed length control field 250509b cb ||||| |||| 00| 0 eng d
020 ## - INTERNATIONAL STANDARD BOOK NUMBER
International Standard Book Number 9789996333422
040 ## - CATALOGING SOURCE
Original cataloging agency FISKH
Language of cataloging khr
Transcribing agency FISKH
Modifying agency FISKH
082 ## - DEWEY DECIMAL CLASSIFICATION NUMBER
Classification number 900
100 ## - MAIN ENTRY--PERSONAL NAME
Personal name Sokheng, Kong
245 ## - TITLE STATEMENT
Title សិក្សាអត្ថបទ អក្សរសិល្ប៏ខ្មែរ :
Remainder of title ៣២ រឿង : សម្រាប់ថ្នាក់មធ្យមសិក្សាចំណេះទូទៅ /
Statement of responsibility, etc. រៀបរៀងនិងចងក្រងដោយ គង់ សុខហេង
250 ## - EDITION STATEMENT
Edition statement កំណែប្រែលើកទី ៤
260 ## - PUBLICATION, DISTRIBUTION, ETC.
Place of publication, distribution, etc. ភ្នំពេញ :
Name of publisher, distributor, etc. រោងពុម្ព ពេជ្រណែត​,
Date of publication, distribution, etc. ២០១៧ .
300 ## - PHYSICAL DESCRIPTION
Extent 700 pages :
Other physical details color illustrations ;
Dimensions 20 cm .
520 ## - SUMMARY, ETC.
Summary, etc. សៀវភៅ “សិក្សាអត្ថបទ អក្សរសិល្ប៍ខ្មែរ” ដោយលោក គង់ សុខហេង គឺជាធនធានអប់រំដែលមានគោលបំណងបង្កើនការយល់ដឹងរបស់សិស្សចំពោះអក្សរសិល្ប៍ខ្មែរ។ វាបង្ហាញពីការវិភាគយ៉ាងជ្រៅលើអត្ថបទអក្សរសិល្ប៍ជាច្រើន ដោយផ្តល់នូវយល់ឃើញអំពីបរិបទប្រវត្តិសាស្រ្ត និងវប្បធម៌របស់វា។ សៀវភៅនេះជាការប្រមូលផ្តុំដែលមានតម្លៃសម្រាប់សិស្ស គ្រូបង្រៀន និងអ្នកស្រលាញ់អក្សរសិល្ប៍ ដែលចាប់អារម្មណ៍លើមរតកអក្សរសិល្ប៍ដ៏សម្បូរបែបរបស់កម្ពុជា។
520 ## - SUMMARY, ETC.
Summary, etc. The book "Study of Khmer Literature" by Kong Sokheng is an educational resource designed to enhance students' understanding of Khmer literature. It offers an in-depth exploration of various literary works, providing insights into their historical and cultural contexts. This compilation serves as a valuable tool for students, educators, and literature enthusiasts interested in the rich literary heritage of Cambodia.
650 ## - SUBJECT ADDED ENTRY--TOPICAL TERM
Topical term or geographic name entry element ទុំទាវ
Form subdivision អក្សរសិល្ប៏ខ្មែរ
650 ## - SUBJECT ADDED ENTRY--TOPICAL TERM
Topical term or geographic name entry element Tom teav
Form subdivision Khmer literature
942 ## - ADDED ENTRY ELEMENTS (KOHA)
Source of classification or shelving scheme Dewey Decimal Classification
Koha item type Khmer Books
Suppress in OPAC No
Holdings
Withdrawn status Lost status Source of classification or shelving scheme Damaged status Not for loan Collection Home library Current library Shelving location Date acquired Total Checkouts Full call number Barcode Date last seen Copy number Price effective from Koha item type
    Dewey Decimal Classification     Khmer Language Books / សៀវភៅភាសាខ្មែរ Footprints International School Library Network Toul Tom Poung Campus Footprints International School Library Network Toul Tom Poung Campus TTP Secondary Khmer Bookshelves 05/09/2025   SOK 900 FISSE01656 05/09/2025 1 05/09/2025 Khmer Books
    Dewey Decimal Classification     Khmer Language Books / សៀវភៅភាសាខ្មែរ Footprints International School Library Network Toul Tom Poung Campus Footprints International School Library Network Toul Tom Poung Campus TTP Secondary Khmer Bookshelves 05/12/2025   SOK 900 FISSE01664 05/12/2025 2 05/12/2025 Khmer Books